<?xml version="1.0" encoding="UTF-8"?>
<record
    xmlns:xsi="http://www.w3.org/2001/XMLSchema-instance"
    xsi:schemaLocation="http://www.loc.gov/MARC21/slim http://www.loc.gov/standards/marcxml/schema/MARC21slim.xsd"
    xmlns="http://www.loc.gov/MARC21/slim">

  <leader>01197nam a22001577a 4500</leader>
  <datafield tag="999" ind1=" " ind2=" ">
    <subfield code="c">516691</subfield>
    <subfield code="d">516691</subfield>
  </datafield>
  <controlfield tag="008">210310b           ||||| |||| 00| 0 eng d</controlfield>
  <datafield tag="100" ind1=" " ind2=" ">
    <subfield code="a">Kumar, Dilip</subfield>
    <subfield code="9">25977</subfield>
  </datafield>
  <datafield tag="245" ind1=" " ind2=" ">
    <subfield code="a">Facets of Indian modernity: Realm of possibilities</subfield>
  </datafield>
  <datafield tag="260" ind1=" " ind2=" ">
    <subfield code="a">Bihar Journal of Public Administration </subfield>
  </datafield>
  <datafield tag="300" ind1=" " ind2=" ">
    <subfield code="a">17(1), Jan-June, 2020: p.206-215</subfield>
  </datafield>
  <datafield tag="520" ind1=" " ind2=" ">
    <subfield code="a">Modernity is invariably related to the spirit of freedom. This freedom is rooted in the critical consciousness that it generates. There is nothing which is beyond critical examination. Instead, everything &#x2013; including the most sacred-has to be observed, verified and interrogated. No wonder, this fundamental Enlightenment spirit which was evolved through the historic Renaissance and Reformation, broke the static/taken for granted world: a world often legitimated by social customs, religious sanctions and an institutionalized divine order. As such the present paper examines the phenomena of modernity in context Indian traditions and thoughts. &#x2013; Reproduced </subfield>
  </datafield>
  <datafield tag="650" ind1=" " ind2=" ">
    <subfield code="a">Modernity, National struggle, Gandhi, Ambedkar, Aurobindo, Nehru, India</subfield>
    <subfield code="9">23256</subfield>
  </datafield>
  <datafield tag="773" ind1=" " ind2=" ">
    <subfield code="a">Bihar Journal of Public Administration  </subfield>
  </datafield>
  <datafield tag="906" ind1=" " ind2=" ">
    <subfield code="a">MODERNITY</subfield>
  </datafield>
  <datafield tag="942" ind1=" " ind2=" ">
    <subfield code="c">AR</subfield>
  </datafield>
  <datafield tag="952" ind1=" " ind2=" ">
    <subfield code="0">0</subfield>
    <subfield code="1">0</subfield>
    <subfield code="2">ddc</subfield>
    <subfield code="4">0</subfield>
    <subfield code="7">0</subfield>
    <subfield code="9">390717</subfield>
    <subfield code="a">IIPA</subfield>
    <subfield code="b">IIPA</subfield>
    <subfield code="d">2021-03-10</subfield>
    <subfield code="h"> 17(1), Jan-June, 2020: p.206-215</subfield>
    <subfield code="p">AR124501</subfield>
    <subfield code="r">2021-03-10</subfield>
    <subfield code="y">AR</subfield>
  </datafield>
</record>
